| 000 | 01264cam a2200241 4500 | ||
|---|---|---|---|
| 001 | WB3720-12 | ||
| 008 | 000000n2001 000 0 eng u | ||
| 035 | _a(Sirsi) u112761 | ||
| 245 | _aNew approach to sustainable development | ||
| 260 | _c2001 | ||
| 490 |
_aRICS Press Release _v(pr071) 23 May 2001 (2) |
||
| 520 | _aRICS research has developed a new tool that will ensure sustainable property development and use. Applicable to all sectors Comprehensive Project Appraisal (CPA) requires developers, planners and project managers to consider financial and economic values, the environment, recreation, safety and security, wider economic and social issues, liveability, public welfare, infrastructure and transport, and the views and differences of stakeholders. Copies of the report, "Comprehensive project appraisal, towards sustainability", are available from the RICS Policy Unit, Tel: +44 (0)20 7222 7000. | ||
| 590 | _aWB | ||
| 650 | _aCOMPREHENSIVE PROJECT APPRAISAL | ||
| 650 | _aCOMPREHENSIVE PROJECT APPRAISAL | ||
| 650 | _aDEVELOPMENT APPRAISAL | ||
| 650 | _aDEVELOPMENT PLANNING | ||
| 650 | _aPROPERTY DEVELOPMENT | ||
| 650 | _aRICS RESEARCH | ||
| 650 | _aSUSTAINABLE DEVELOPMENT | ||
| 690 | _aDEVELOPMENT-SUSTAINABLE | ||
| 942 | _n0 | ||
| 999 |
_c67140 _d67140 |
||